|
|
|
|
| LEADER |
01124nam a2200277 a 4500 |
| 001 |
14946744 |
| 008 |
110119s2008 mau b 001 0 eng d |
| 010 |
|
|
|a 2007030382
|
| 015 |
|
|
|a GBA795192
|2 bnb
|
| 016 |
7 |
|
|a 014407715
|2 Uk
|
| 020 |
|
|
|a 9781422104064
|
| 020 |
|
|
|a 1422104060
|
| 040 |
|
|
|a DLC
|c DLC
|d YDX
|d BAKER
|d BTCTA
|d UKM
|d YDXCP
|d DLC
|d BD-DhAAL
|
| 082 |
0 |
0 |
|a 361.7068/8
|2 22
|
| 100 |
1 |
|
|a Elkington, John.
|
| 245 |
1 |
4 |
|a The power of unreasonable people :
|b how social entrepreneurs create markets that change the world /
|c John Elkington, Pamela Hartigan.
|
| 260 |
|
|
|a Boston, Mass. :
|b Harvard Business School Press,
|c c2008.
|
| 300 |
|
|
|a xviii, 242 p. ;
|c 25 cm.
|
| 504 |
|
|
|a Includes bibliographical references and index.
|
| 541 |
1 |
|
|e 00021876
|
| 650 |
|
0 |
|a Social entrepreneurship.
|
| 650 |
|
0 |
|a Social change.
|
| 700 |
1 |
|
|a Hartigan, Pamela.
|
| 852 |
|
|
|a Ayesha Abed Library
|c General Shelf.
|
| 999 |
|
|
|c 10348
|d 10348
|
| 952 |
|
|
|0 0
|1 0
|2 ddc
|4 0
|6 361_706880000000000_ELK
|7 0
|9 14035
|a BRACUL
|b BRACUL
|c GEN
|d 2011-01-20
|e Karim International
|g 1790.00
|l 5
|m 14
|o 361.70688 ELK
|p 3010021876
|r 2019-05-12
|s 2019-04-25
|t 1
|w 2011-01-20
|y BK
|